Un acercamiento a la institucionalización escolar desde la perspectiva de P. Berger y T. Luckman (Record no. 61824)

MARC details
000 -CABECERA
campo de control de longitud fija 00605nam a2200193 a 4500
005 - FECHA Y HORA DE LA ÚLTIMA TRANSACCIÓN
campo de control 20210219152830.0
008 - ELEMENTOS DE LONGITUD FIJA--INFORMACIÓN GENERAL
campo de control de longitud fija 991125n 000 0 spa u
035 ## - NÚMERO DE CONTROL DEL SISTEMA
Número de control de sistema UPN01000062702
100 ## - ASIENTO PRINCIPAL--NOMBRE PERSONAL
Nombre de persona ENRIQUEZ GUTIERREZ, Gustavo Adolfo
222 ## - TÍTULO CLAVE
Título clave REVISTA MEXICANA DE PEDAGOGIA
245 ## - MENCIÓN DE TÍTULO
Título Un acercamiento a la institucionalización escolar desde la perspectiva de P. Berger y T. Luckman
300 ## - DESCRIPCIÓN FÍSICA
Extensión 9-14
362 ## - FECHAS DE PUBLICACIÓN Y/O DESIGNACIÓN SECUENCIAL
Fecha de publicación y/o designación secuencial 1996 Año 7, no. 32, nov.-dic.
653 0# - TERMINO DE INDIZACION - NO CONTROLADO
Término no controlado ADMINISTRACION EDUCATIVA
653 0# - TERMINO DE INDIZACION - NO CONTROLADO
Término no controlado ESCUELA
653 0# - TERMINO DE INDIZACION - NO CONTROLADO
Término no controlado INSTITUCIONES EDUCATIVAS
904 ## - ELEMENTOS DE DATOS D LOCAL, LDD (RLIN)
a AC
b 000513
905 ## - TIPO DE MATERIAL
Tipo de material Articulo

No items available.